[Event "AUTO-OPEN-246"]
[Site "http://www.queenalice.com/game.php?id=61604"]
[Date "2006.4.6"]
[Round "1"]
[White "dedalus"]
[Black "raindrop"]
[Result "0-1"]
[WhiteElo "1700"]
[BlackElo "1850"]

1. c4 e5 2. Nc3 Nf6 3. g3 d5 4. cxd5 Nxd5 5. Bg2 Nxc3 6. dxc3 Qxd1+ 7. Kxd1 Bc5
8. Nh3 O-O 9. b4 Bd6 10. Ng5 Rd8 11. Bd5 Be7 12. e4 c6 0-1

[Event "AUTO-OPEN-246"]
[Site "http://www.queenalice.com/game.php?id=61605"]
[Date "2006.4.6"]
[Round "1"]
[White "raindrop"]
[Black "dedalus"]
[Result "1-0"]
[WhiteElo "1862"]
[BlackElo "1688"]

1. e4 e6 2. d4 d5 3. Nc3 Nf6 4. e5 Nfd7 5. Nf3 c5 6. Bb5 Qb6 7. Bg5 c4 8. Qe2
Nc6 9. O-O Nxd4 10. Nxd4 Qxd4 11. Na4 a6 12. Bxd7+ Bxd7 13. Rad1 Qa7 14. Be3 Qb8
15. Nb6 Qxe5 16. Nxa8 Bd6 17. f4 Qxb2 18. Nb6 Qxa2 19. Nxd7 Kxd7 20. Ra1 Qb2 21.
Rfb1 Qc3 22. Rxb7+ Bc7 23. Rxa6 Rb8 24. Raa7 Rxb7 25. Rxb7 Qa1+ 26. Kf2 Qa6 27.
Ra7 1-0

[Event "AUTO-OPEN-246"]
[Site "http://www.queenalice.com/game.php?id=61606"]
[Date "2006.4.6"]
[Round "1"]
[White "dedalus"]
[Black "Homero"]
[Result "0-1"]
[WhiteElo "1689"]
[BlackElo "1706"]

1. c4 c6 2. d4 d5 3. Nc3 Nf6 4. e3 e6 5. Nf3 Nbd7 6. Be2 Be7 7. c5 O-O 8. O-O b6
9. b4 a5 10. Ba3 axb4 11. Bxb4 bxc5 12. dxc5 Bxc5 13. Rb1 Bxb4 14. Rxb4 Ba6 15.
Bxa6 Rxa6 16. Qd3 Rb6 17. Rxb6 Nxb6 18. a4 Nc4 19. Ng5 h6 20. Nh3 Qc7 21. f3 Qa7
22. Qd4 Qxd4 23. exd4 Ra8 24. Ra1 Nd7 25. Nf4 c5 26. Nb5 cxd4 0-1

[Event "AUTO-OPEN-246"]
[Site "http://www.queenalice.com/game.php?id=61607"]
[Date "2006.4.6"]
[Round "1"]
[White "Homero"]
[Black "dedalus"]
[Result "0-1"]
[WhiteElo "1756"]
[BlackElo "1678"]

1. d4 d5 2. Nf3 Nf6 3. Bg5 e6 4. e3 Bd6 5. Nbd2 c5 6. c4 cxd4 7. exd4 dxc4 8.
Bxc4 h6 9. Bh4 Qb6 10. Qb3 Nbd7 11. Qxb6 Nxb6 12. Bb3 g5 13. Bg3 Bxg3 14. hxg3
g4 15. Ne5 Bd7 16. Nxd7 Nbxd7 17. O-O-O O-O-O 18. Kb1 Nb6 19. Nc4 Nxc4 20. Bxc4
Ne4 21. Rc1 Kb8 22. Rc2 Rxd4 23. Rhc1 Nd2+ 24. Ka1 Rxc4 25. Rxc4 Nxc4 26. Rxc4
Rc8 0-1

[Event "AUTO-OPEN-246"]
[Site "http://www.queenalice.com/game.php?id=61608"]
[Date "2006.4.6"]
[Round "1"]
[White "dedalus"]
[Black "alberto"]
[Result "1-0"]
[WhiteElo "1698"]
[BlackElo "1131"]

1. c4 e5 2. Nc3 Nf6 3. g3 d5 4. Bg2 c6 5. d3 Be7 6. cxd5 cxd5 7. Nf3 Nc6 8. O-O
Bg4 9. h3 Be6 10. e4 O-O 11. a3 h6 12. exd5 Nxd5 13. Re1 Qd7 14. g4 f5 15. Nxe5
Nxe5 16. Rxe5 Nxc3 17. bxc3 Bf7 18. Rxf5 Bh4 19. Rb1 Rad8 20. Rxb7 Qxd3 21. Qxd3
Rxd3 22. Be3 Bf6 23. Rxa7 Rxc3 24. Rc5 Rc8 25. Rxc3 Rxc3 26. a4 Ra3 27. Ra8+ Kh7
28. a5 Be5 29. Be4+ Bg6 30. Bxg6+ Kxg6 31. a6 h5 32. gxh5+ Kxh5 33. a7 1-0

[Event "AUTO-OPEN-246"]
[Site "http://www.queenalice.com/game.php?id=61609"]
[Date "2006.4.6"]
[Round "1"]
[White "alberto"]
[Black "dedalus"]
[Result "1-0"]
[WhiteElo "1100"]
[BlackElo "1687"]

1. e4 e6 2. d4 d5 3. Nc3 Bb4 4. e5 c5 5. Bd2 c4 6. Nb5 Bxd2+ 7. Qxd2 Ne7 8. Nd6+
Kf8 9. Qf4 Nf5 10. Nxf5 exf5 11. Nf3 Nc6 12. Be2 Nb4 13. Qd2 Nc6 14. O-O b6 15.
c3 h6 16. b3 Ba6 17. Qf4 1-0

[Event "6 Match Cuba Argentina"]
[Site "http://www.queenalice.com/game.php?id=70674"]
[Date "2006.5.22"]
[Round "-"]
[White "RIVAS"]
[Black "dedalus"]
[Result "1-0"]
[WhiteElo "1970"]
[BlackElo "1670"]

1. e4 e6 2. d4 d5 3. e5 c5 4. c3 Qb6 5. Nf3 Nc6 6. Be2 Be7 7. O-O Bd7 8. a3 cxd4
9. cxd4 Na5 10. b4 Nc6 11. Nc3 a6 12. Na4 Qa7 13. Nc5 Bxc5 14. bxc5 Nge7 15. Rb1
Rb8 16. Bd2 b5 17. cxb6 Rxb6 18. Rxb6 Qxb6 19. Qb1 Qxb1 20. Rxb1 O-O 21. Rb7 Bc8
22. Rb6 a5 23. Rb5 1-0

[Event "Let's Play Chess!"]
[Site "http://www.queenalice.com/game.php?id=70823"]
[Date "2006.5.22"]
[Round "-"]
[White "azumi"]
[Black "dedalus"]
[Result "0-1"]
[WhiteElo "1480"]
[BlackElo "1687"]

1. d4 e6 2. e4 d5 3. e5 c5 4. c3 Qb6 5. Nf3 Nc6 6. dxc5 Bxc5 7. Qe2 a6 8. b4 Be7
9. Be3 Qc7 10. b5 Nxe5 11. Bd4 Nxf3+ 12. Qxf3 Bf6 13. Be2 Bxd4 14. cxd4 Nf6 15.
O-O O-O 16. Nd2 Bd7 0-1

[Event "QA-ANNIV-02"]
[Site "http://www.queenalice.com/game.php?id=76853"]
[Date "2006.6.15"]
[Round "1"]
[White "dedalus"]
[Black "modestyblase"]
[Result "0-1"]
[WhiteElo "1689"]
[BlackElo "2013"]

1. e4 c5 2. Nf3 Nc6 3. d4 cxd4 4. Nxd4 e5 5. Nxc6 bxc6 6. Bc4 Nf6 7. Nc3 Bc5 8.
O-O O-O 9. Na4 Be7 10. Qe1 d5 11. Bb3 Ba6 0-1

[Event "Challenge"]
[Site "http://www.queenalice.com/game.php?id=78720"]
[Date "2006.6.21"]
[Round "-"]
[White "XadrezPirai"]
[Black "dedalus"]
[Result "1-0"]
[WhiteElo "1981"]
[BlackElo "1666"]

1. b3 e5 2. Bb2 Nc6 3. e3 d6 4. d4 exd4 5. exd4 Nf6 6. Bb5 Qe7+ 7. Ne2 Bd7 8. d5
Nb4 9. Bxd7+ Kxd7 10. c4 Re8 11. Nc3 Kc8 12. O-O Ne4 13. Re1 1-0

[Event "Challenge"]
[Site "http://www.queenalice.com/game.php?id=147598"]
[Date "2006.12.29"]
[Round "-"]
[White "velkan_cu"]
[Black "dedalus"]
[Result "1-0"]
[WhiteElo "1773"]
[BlackElo "1566"]

1. e4 e6 2. d4 d5 3. Nc3 c5 4. Bb5+ Bd7 5. exd5 Bxb5 6. Nxb5 Qa5+ 7. Nc3 cxd4 8.
Qxd4 exd5 9. Bd2 Nf6 10. Qe5+ Be7 11. Nxd5 Qxd5 12. Qxd5 Nxd5 13. O-O-O Nf6 14.
Nf3 O-O 15. Rhe1 Nc6 16. Ne5 Nxe5 17. Rxe5 1-0

[Event "Challenge"]
[Site "http://www.queenalice.com/game.php?id=156906"]
[Date "2007.1.21"]
[Round "-"]
[White "dedalus"]
[Black "gardez2005"]
[Result "0-1"]
[WhiteElo "1574"]
[BlackElo "1782"]

1. c4 Nf6 2. Nc3 g6 3. g3 Bg7 4. Bg2 d6 5. e3 O-O 6. d4 c6 7. d5 e5 8. e4 Qc7 9.
b3 Bg4 10. Nf3 Qa5 11. Bd2 Qc7 12. h3 Bxf3 0-1